Lučenec a okolie súbo turistických máp

Podrobná bibliografia
Médium: Mapa
Jazyk:angličtina
PhysicalDescription:1 l.
Vydavateľské údaje: Bratislava Slovenská kartografia 1972

MARC

LEADER 00000nem a2200000 a 4500
001 vtls008691677
003 SK-MaSNL
005 20260224074123.0
008 060419 abc e 1 eng
040 |a SNK  |b slo  |c SNK  |e AACR2 
245 1 |a Lučenec a okolie  |h kartografický dokument  |b súbo turistických máp 
260 |a Bratislava  |b Slovenská kartografia  |c 1972 
300 |a 1 l. 
999 |c 910271  |d 912201 
952 |a SNK  |b SNK  |y VYP  |7 0  |p 17A0504825  |o snkSLCm 496 D1  |i snkKSP 3878/72  |3 Rekatalogizácia  |0 0  |1 0  |4 0  |d 2006-04-19  |l 0  |r 2026-02-24 07:41:23  |w 2026-02-24